01851nas a2200301 4500000000100000008004100001260000900042653001200051653001100063653001200074653002500086653002500111653002500136653003000161653001500191653001600206653001300222100001300235700001600248700001200264700001200276245005200288300001100340490000700351050001600358520116100374022001401535 2001 d c200110aAnimals10aHumans10aleprosy10aLeprosy, lepromatous10aLeprosy, Tuberculoid10aMycobacterium leprae10aPeripheral Nervous System10aPrevalence10aPseudogenes10aZoonoses1 aSasaki S1 aTakeshita F1 aOkuda K1 aIshii N00aMycobacterium leprae and leprosy: a compendium. a729-360 v45 aSASAKI 20013 a

Leprosy is a chronic infectious disease caused by Mycobacterium leprae, which was discovered by G.H.A. Hansen in 1873. M. leprae is an exceptional bacterium because of its long generation time and no growth in artificial media. Entire sequencing of the bacterial genome revealed numerous pseudogenes (inactive reading frames with functional counterparts in M. tuberculosis) which might be responsible for the very limited metabolic activity of M. leprae. The clinical demonstration of the disease is determined by the quality of host immune response. Th1-type immune response helps to kill the bacteria, but hosts are encroached upon when Th2-type response is predominant. The bacteria have affinity to the peripheral nerves and are likely to cause neuropathy. M. leprae/laminin-alpha2 complexes bind to alpha/beta dystroglycan complexes expressed on the Schwann cell surface. WHO recommends a chemotherapy protocol [multidrug therapy (MDT)] which effectively controls the disease and contributes to the global elimination program. Leprosy has been stigmatized throughout history, and recent topics regarding the disease in Japan are also discussed.

 a0385-5600